Random U.S. State Capitals Map Quiz - Statistics

General Stats
  • This quiz has been taken 123 times
  • The average score is 9 of 10
Answers on the Map
Answers color-coded by a green-red scale on the quiz's map according to % correct below.
 
Answer Stats
Answer % Correct
Augusta
100%
Boston
100%
Columbus
100%
Denver
100%
Des Moines
100%
Jackson
100%
Jefferson City
100%
Little Rock
100%
Montpelier
100%
Olympia
100%
Phoenix
100%
Raleigh
100%
Sacramento
100%
Salt Lake City
100%
Tallahassee
100%
Topeka
100%
Cheyenne
91%
Salem
91%
Austin
90%
Atlanta
89%
Lansing
89%
Nashville
89%
Albany
88%
Annapolis
88%
Harrisburg
88%
Hartford
88%
Oklahoma City
88%
Providence
88%
Richmond
88%
Springfield
88%
Pierre
86%
Boise
85%
Bismarck
83%
Dover
83%
Carson City
82%
Frankfort
82%
Honolulu
80%
Madison
80%
Montgomery
80%
Charleston
79%
Concord
75%
Helena
75%
Juneau
75%
Lincoln
75%
Trenton
75%
Columbia
73%
Indianapolis
73%
Santa Fe
73%
Baton Rouge
71%
Saint Paul
67%
No matching quizzes found
Score Distribution
Percent of People with Each Score
Percentile by Number Answered
Your Score History
You have not taken this quiz